000 00674nam a22002297a 4500
003 LK-CoMWRAF
005 20231113123516.0
008 230927b2004 |||||||| |||| 00| 0 eng d
020 _a9780787974275
040 _aLK-CoMWRAF
_dLK-CoMWRAF
_eLK-CoMWRAF
041 _aeng
082 _a658.4092
_bDOT
100 _aDotlich, David L.
245 _aLeadership Passages:
_bthe personal and professional transitions that make or break a leader
260 _aSan Francisco:
_bJossey-Bass,
_c2004
300 _a232 p.
_bBibliography and index included
650 _aLEADERSHIP
650 _aManagement
700 _aNoel, James L.
700 _aWalker, Norman
942 _cBK
999 _c3705
_d3705